000 00288nam a2200109Ia 4500
008 220120s9999||||xx |||||||||||||| ||und||
100 _aPauseh, Randy
_911781
245 0 _aLast lectures lession in living
260 _aHodder
_bNew Delhi
_c2008
300 _b310
650 _aNETWORK ANALYSIS
999 _c137182
_d137182